| 000 | 00797nam a22002537a 4500 | ||
|---|---|---|---|
| 999 |
_c3245 _d3245 |
||
| 003 | AR-CdUCM | ||
| 008 | 190306b ||||| |||| 00| 0 spa d | ||
| 020 | _a84-309-0541-3 | ||
| 040 |
_aMUNICIPALIDAD PROVINCIAL DEL CUSCO _cBIBLIOTECA MUNICIPAL DEL CUSCO |
||
| 082 |
_a382 / _bB51 |
||
| 100 |
_aBhagwati, Jagdish _910838 |
||
| 245 |
_aComercio Internacional : _bTextos escogidos / |
||
| 260 |
_aMadrid : _bTecnos, _c1975. |
||
| 300 |
_a324 paginas ; _bgraficos, Tablas, cuadros, _c24cm. |
||
| 500 | _aComercio internacional | ||
| 650 |
_aComercio Internacional _95091 |
||
| 650 |
_aEconomia _9382 |
||
| 650 |
_aAdministración _94472 |
||
| 650 |
_aTexto sobre economia _910839 |
||
| 700 |
_aRojo, Luis Angel _910840 |
||
| 700 |
_aSegura, Julio _910841 |
||
| 942 |
_2ddc _cLIBROS |
||
| 945 | _apjha | ||